000 01041nam a22002057a 4500
999 _c9017
_d9017
003 AR-CdUCM
008 190327b ||||| |||| 00| 0 spa d
040 _aMUNICIPALIDAD PROVINCIAL DEL CUSCO
_cBIBLIOTECA MUNICIPAL DEL CUSCO
082 _a331.123 /
_bE7
245 _aEstudio de demanda laboral de ocupaciones en las macroregiones Norte y Sur /
260 _aLima :
_bSistema Nacional de Evaluación, Acreditación y Certificación de la Calidad Educativa,
_c2015.
300 _a183 páginas ;
_c24 cm.
505 _aContenido: Macroregión norte -- Resultados esperados -- Producción agropecuaria y pesquera -- Producción del sector industrial -- Enfoque de desarrollo, prioridades regionales y vocación productiva ...
650 _aMercado de trabajo - Perú
_924958
650 _aEfectos de Educación - Perú
_924959
650 _aTrabajo - Oferta y demanda - Perú
_924960
710 _aSistema Nacional de Evaluación, Acreditación y Certificación de la Calidad Educativa
_924961
942 _2ddc
_cLIBROS
945 _alccs